000 01820cam a2200577 4500
008 011112n1999 000 0 eng u
020 _a0952361426
035 _a(Sirsi) u115568
050 _a690.8
100 _aMcCarthy, J.
245 _aHomebond house building manual
250 _a2nd ed.
260 _aDublin
_bNational House Building Guarantee Co Ltd
_c1999
300 _aviii,465p.
_bill
_c31cm.
650 _aBRICKWORK
650 _aBUILT ENVIRONMENT-BUILDING MATERIALS
650 _aCAVITY WALLS
650 _aCHIMNEYS
650 _aCONDENSATION
650 _aCONSTRUCTION METHODS
650 _aDAMP PROOF COURSES
650 _aDRAINAGE
650 _aFIRE
650 _aFLAT ROOFS
650 _aBUILT ENVIRONMENT-BUILDING ELEMENTS-COMPLETE BUILDING ELEMENTS-FLOORS
650 _aBUILT ENVIRONMENT-BUILDING ELEMENTS-COMPLETE BUILDING ELEMENTS-FOUNDATIONS
650 _aHEALTH AND SAFETY
_96244
650 _aHOUSE BUILDING
650 _aINSULATION
650 _aJOISTS
650 _aNOISE
650 _aBUILT ENVIRONMENT-BUILDING ELEMENTS-COMPLETE BUILDING ELEMENTS-WALLS-INTERNAL WALLS AND PARTITIONS
650 _aParty walls
_96258
650 _aPLASTERWORK
650 _aRADON
650 _aRENDERING
650 _aTRUSSES
650 _aBUILT ENVIRONMENT-BUILDING ELEMENTS-COMPLETE BUILDING ELEMENTS-ROOFS
650 _aSCREEDS
650 _aSECOND FIX
650 _aSITE SAFETY
650 _aSOUND
650 _aBUILT ENVIRONMENT-BUILDING ELEMENTS-COMPLETE BUILDING ELEMENTS-STAIRS
650 _aTIMBER FRAMES
650 _aVENTILATION
650 _aBUILT ENVIRONMENT-BUILDING ELEMENTS-COMPLETE BUILDING ELEMENTS-WALLS
690 _aBUILT ENVIRONMENT-CONSTRUCTION DESIGN
700 _aFarrell, E.
700 _aMcFeely, A.
942 _n0
999 _c101767
_d101767